UBT Library

West's federal practice digest 4th. (Record no. 38850)

000 -LEADER
fixed length control field 01136cam a2200325 a 4500
001 - CONTROL NUMBER
control field 4355179
003 - CONTROL NUMBER IDENTIFIER
control field US-DLC
005 - DATE AND TIME OF LATEST TRANSACTION
control field 20171208091606.0
008 - FIXED-LENGTH DATA ELEMENTS--GENERAL INFORMATION
fixed length control field 891130m19899999mnu w 000 0 eng
010 ## - LIBRARY OF CONGRESS CONTROL NUMBER
LC control number 89212083
040 ## - CATALOGING SOURCE
Original cataloging agency DLC
Transcribing agency DLC
Modifying agency DLC
043 ## - GEOGRAPHIC AREA CODE
Geographic area code n-us---
050 00 - LIBRARY OF CONGRESS CALL NUMBER
Classification number KF127
Item number .W48 1989
082 00 - DEWEY DECIMAL CLASSIFICATION NUMBER
Classification number R 348.7346
-- 347.30846
Edition number 20
245 00 - TITLE STATEMENT
Title West's federal practice digest 4th.
260 ## - PUBLICATION, DISTRIBUTION, ETC. (IMPRINT)
Place of publication, distribution, etc St. Paul, Minn. :
Name of publisher, distributor, etc Thomson/West,
Date of publication, distribution, etc c1989-
300 ## - PHYSICAL DESCRIPTION
Extent v. ;
Dimensions 27 cm.
500 ## - GENERAL NOTE
General note Publisher: West Pub. Co. (1989-1997?); West group (1997?-2003?).
500 ## - GENERAL NOTE
General note Kept up to date by pocket parts, revised volumes, and by supplementary pamphlets which also update West's federal practice digest 3d.
500 ## - GENERAL NOTE
General note Description based on: t.p., v. 12B, c2004.
590 ## - LOCAL NOTE (RLIN)
Local note For LC holdings see associated records.
650 #0 - SUBJECT ADDED ENTRY--TOPICAL TERM
Topical term or geographic name as entry element Law reports, digests, etc.
Geographic subdivision United States.
710 2# - ADDED ENTRY--CORPORATE NAME
Corporate name or jurisdiction name as entry element West Group.
710 2# - ADDED ENTRY--CORPORATE NAME
Corporate name or jurisdiction name as entry element West Publishing Company.
740 0# - ADDED ENTRY--UNCONTROLLED RELATED/ANALYTICAL TITLE
Uncontrolled related/analytical title West's federal practice digest fourth.
906 ## - LOCAL DATA ELEMENT F, LDF (RLIN)
a 7
b cbc
c orignew
d 2
e ncip
f 19
g y-gencatlg
942 ## - ADDED ENTRY ELEMENTS (KOHA)
Source of classification or shelving scheme
Koha item type Reference

No items available.

UBT Library © 2015-2024. All rights reserved University Education for Business and Technology